000 00516nam a2200205Ia 4500
005 20250508160905.0
008 008 250505s9999 xx 000 0 hin d
037 _aTextBook
040 _aFEDL
_beng
_cFEDL
041 _ahin
_2eng
084 _a907, SHA/R
_qFEDL
100 _aShaida B D
245 0 _aItihas shikshan
260 _aDelhi, India
_bDhanpat Rai and Sons
300 _a284p
365 _aINR
_b10.5
546 _aWeeded out
942 _cTB
_h907, SHA/R
999 _c1367215
_d1367215